Catálogo público

Ecological engineering for pest management : Advances in habitat manipulation for arthropods / editores, Geoff M. Gurr, Steve D. Wratten, Miguel A. Altieri (Record no. 217228)

MARC details
000 -CABECERA
campo de control de longitud fija 00886nam a2200217Ia 4500
001 - NÚMERO DE CONTROL
campo de control Para_9808
008 - DATOS DE LONGITUD FIJA--INFORMACIÓN GENERAL
campo de control de longitud fija 220602s9999 xx 000 0 und d
020 ## - NÚMERO INTERNACIONAL ESTÁNDAR DEL LIBRO
Número Internacional Estándar del Libro 0-8014-4342-3
082 ## - NÚMERO DE LA CLASIFICACIÓN DECIMAL DEWEY
Número de clasificación PA 333.95 E26
245 ## - MENCIÓN DE TÍTULO
Título Ecological engineering for pest management : Advances in habitat manipulation for arthropods / editores, Geoff M. Gurr, Steve D. Wratten, Miguel A. Altieri
260 ## - PUBLICACIÓN, DISTRIBUCIÓN, ETC.
Lugar de publicación, distribución, etc. Australia : Comstock Publishing Associates
300 ## - DESCRIPCIÓN FÍSICA
Extensión xi,232 p.
500 ## - NOTA GENERAL
Nota general Incluye referencias bibliográficas e índice
650 ## - PUNTO DE ACCESO ADICIONAL DE MATERIA--TÉRMINO DE MATERIA
Término de materia o nombre geográfico como elemento de entrada Control de Plagas \ Manejo integrado de plagas \ Ingeniería ecológica \ Ingeniería Ambiental
9 (RLIN) 185050
700 ## - PUNTO DE ACCESO ADICIONAL--NOMBRE DE PERSONA
Nombre de persona Gurr, Geoff M., ed. \ Wratten, Steve D., ed. \ Altieri, Miguel A., ed.Ì
9 (RLIN) 185051
901 ## - ELEMENTOS DE DATOS A LOCAL LDA (RLIN)
a PA 333.95 E26
902 ## - ELEMENTOS DE DATOS B LOCAL, LDB (RLIN)
a M
905 ## - ELEMENTOS DE DATOS E LOCAL, LDE (RLIN)
a 5232202004 an 8000000300 06
942 ## - ELEMENTOS DE PUNTO DE ACCESO ADICIONAL (KOHA)
Tipo de ítem Koha Libro_
Holdings
Estado de retiro Estado de pérdida Fuente del sistema de clasificación o colocación Estado dañado No para préstamo Código de colección Localización permanente Ubicación/localización actual Fecha de adquisición Número de inventario Total de préstamos Signatura topográfica completa Código de barras Fecha visto por última vez Número de copia Precio válido a partir de Tipo de ítem Koha Nota pública
    Dewey Decimal Classification     General Parasitologia Agricola Parasitologia Agricola 19/11/2012 (PA_09890) (No. UACh C/E)   PA 333.95 E26 4102003355 02/06/2022 Ej.1 02/06/2022 Libro 3